| 000 | 00897cam a2200265 i 4500 | ||
|---|---|---|---|
| 999 |
_c127247 _d127247 |
||
| 001 | 882127 | ||
| 003 | ARRUPE | ||
| 005 | 20171121111718.0 | ||
| 008 | 800604s1981 nyu b 000 0 eng | ||
| 010 | _a 80017615 | ||
| 020 | _a0195028279 | ||
| 040 |
_aDLC _cDLC _dDLC |
||
| 050 | 0 | 0 | _aBD-203-1 |
| 082 | 0 | 0 | _a128 |
| 245 | 0 | 4 |
_aThe Study of human nature : _breadings / _cselected edited, and introduced by Leslie Stevenson. |
| 260 |
_aNew York : _bOxford University Press, _c1981. |
||
| 300 |
_axi, 332 p. ; _c23 cm. |
||
| 504 | _aBibliography: p. 329-[330] | ||
| 650 | 0 |
_aPhilosophical anthropology. _937626 |
|
| 650 | 0 |
_aTheological anthropology. _914536 |
|
| 650 | 0 |
_aBehaviorism (Psychology) _937627 |
|
| 700 | 1 |
_aStevenson, Leslie Forster. _937581 |
|
| 906 |
_a7 _bcbc _corignew _d1 _eocip _f19 _gy-gencatlg |
||
| 942 |
_2lcc _cMONOGRAPH |
||